000 00291nam a22001217a 4500
008 181012b xxu||||| |||| 00| 0 eng d
041 _aeng
080 _a617
100 _a8
101 _aOFT
245 _aBinocolar Anomalies Procedures for Vision Therapy
_cGriffin,J.R
942 _2udc
_cBK
999 _c49484
_d49484